Curso de argumentación jurídica /
Guardado en:
| Autor Principal: | |
|---|---|
| Formato: | Desconocido |
| Idioma: | Spanish |
| Publicado: |
Madrid :
Trotta,
2016
|
| Edición: | 4a. reimp. |
| Series: | Colección estructuras y procesos. Serie derecho
|
| Materias: | |
| Etiquetas: |
Agregar Etiqueta
Sin Etiquetas, Sea el primero en etiquetar este registro!
|
| LEADER | 00555nac a22001815a 4500 | ||
|---|---|---|---|
| 001 | DER.der013586 | ||
| 008 | 180615s2016####sp#||||||||||||||#||spa|| | ||
| 005 | 20241106161257.0 | ||
| 245 | 1 | 0 | |a Curso de argumentación jurídica / |c Manuel Atienza |
| 250 | |a 4a. reimp. | ||
| 260 | |a Madrid : |b Trotta, |c 2016 | ||
| 300 | |a 870 p. | ||
| 440 | 0 | |a Colección estructuras y procesos. Serie derecho | |
| 020 | |a 9788498794366 | ||
| 100 | 1 | |a Atienza, Manuel | |
| 650 | 7 | |a ARGUMENTACION JURIDICA | |
| 650 | 7 | |a FILOSOFIA DEL DERECHO | |
| 859 | |a DERECHO |b BIB. DERECHO |h 340.11 |i ATI |p 008610 | ||
